NCS Songs With The Same Name Of Creator - Statistics

General Stats
  • This quiz has been taken 15 times
    12 since last reset
  • The average score is 4 of 6
Answer Stats
Creator Song And Creator Views % Correct
Elektronomia Limitless 59M
91%
Time To Talk, Georgia Michael Time To Talk 1,8M
82%
JJD Halcyon 11M
73%
More Plastic Champion 1,6M
64%
Max Brhon Illusion 2,3M
55%
Zeli Sharks 493K
55%
No matching quizzes found
Score Distribution
Percent of People with Each Score
Percentile by Number Answered
Your Score History
You have not taken this quiz since the last reset